000 00809nas a2200253 4500
001 BR9510338
003 BR-BrBNA
005 20231205095705.0
007 ta
008 230509b bl.|||p| |||| 00| 00por d
040 _aBR-BrBNA
_bpor
_cBiblioteca Nacional de Agricultura
041 _a(Pt)
072 _aL73
100 1 _aMeyer, J.R.
245 1 _aSobre a verificacao experimental de duas doencas distintas encontradas durante a ultima epizootia entre papagaios observada em S. Paulo (Estudo anatomo-patologico)
650 _aPapagaio
650 _aFigado
650 _aBaco
650 _aLesao
650 _aSao Paulo
773 0 _tArchivos do Instituto Biologico (Brazil)
_xISSN 0020-3653
_g(1934), v. 5 p. 25-37
_wBR9510338
909 _a202311
_bLúcia
_c55
_dLúcia Elande
942 _2AGRIS
_n0
_cANA
999 _c152160
_d152160